000 00465nam a2200181Ia 4500
001 11297
005 20260306162817.0
008 260306t2005||||xx |||||||||||||| ||spa||
041 _aESP
082 _a985.03
_bCH52
100 _aChang-Rodríguez, Raquel
_eAUT
245 0 _aLa palabra y la pluma en Primer nueva corónica y buen gobierno
260 _c2005
300 _a205 páginas :
_c20 m
650 _aGEN
654 _aCHU
942 _cLIB
_dJUS
_fJUS
_2ddc
_n
999 _c11297
_d11297